000 00302 a2200121 4500
001 48507
040 _cAnchieta - Bela Vista
100 _aGalrão, Martha
240 1 0 _aConvivendo com as diferenças
_lpor
245 1 0 _aConvivendo com as diferenças
650 4 _aLiteratura infanto-juvenil
942 _cBK
999 _c48507
_d48507